Študijný program školský rok ...
| Nový názov: | Študijný program |
|---|---|
| Korporatívny autor: | |
| Ďalší autori: | |
| Médium: | Seriál |
| Jazyk: | slovenčina |
| Fyzický popis: | 4 zv. tab. 21 cm |
| Vydavateľské údaje: |
Nitra
Vysoká škola pedagogická
1993-1996
|
| ISBN: | 8088738903 (brož. : r. 1995/1996) 8085183994 (brož. : r. 1993/1994) 8088738369 (brož. : r. 1994/1995) 8080500703 (brož. : r. 1996/1997) |
| Edícia: | Prírodovedec
|
| Predmet: |
MARC
| LEADER | 00000cas a2200000 a 4500 | ||
|---|---|---|---|
| 001 | vtls001248986 | ||
| 003 | SK-MaSNL | ||
| 005 | 20260228163508.0 | ||
| 008 | 160414d19941996xo ar| 0 0 0slo | ||
| 015 | |a SNBE1998/01-00184 (r. 1997/1998) | ||
| 020 | |a 8088738903 (brož. : r. 1995/1996) | ||
| 020 | |a 8085183994 (brož. : r. 1993/1994) | ||
| 020 | |a 8088738369 (brož. : r. 1994/1995) | ||
| 020 | |a 8080500703 (brož. : r. 1996/1997) | ||
| 035 | |a SNK000199805 | ||
| 040 | |a SNK |b slo |c SNK |e AACR2 | ||
| 041 | 0 | |a slo | |
| 043 | |a e-xo--- | ||
| 044 | |a xo |c SK | ||
| 072 | 7 | |a 378 |x Vysoké školy |2 konspekt | |
| 080 | |a 5 |2 2011 | ||
| 080 | |a 050 |2 2011 | ||
| 080 | |a (073) |2 2011 | ||
| 080 | |a (036) |2 2011 | ||
| 080 | |a (437.6) |2 2011 | ||
| 080 | |a 37.091.3 |2 2011 | ||
| 080 | |a (058) |2 2011 | ||
| 080 | |a 378.6:37 |2 2001 | ||
| 110 | 2 | |a Vysoká škola pedagogická v Nitre. |b Fakulta prírodných vied |9 180024 | |
| 245 | 1 | 0 | |a Študijný program |b školský rok ... |c Vysoká škola pedagogická, Fakulta prírodných vied |
| 246 | 1 | |i Názov v tiráži: |a Študijný program Fakulty prírodných vied Vysokej školy pedagogickej v Nitre | |
| 260 | |a Nitra |b Vysoká škola pedagogická |c 1993-1996 | ||
| 300 | |a 4 zv. |b tab. |c 21 cm | ||
| 310 | |a 1x ročne | ||
| 362 | 0 | |a 1993/1994-1996/1997 | |
| 490 | 1 | |a Prírodovedec | |
| 500 | |a Názov z obalu | ||
| 500 | |a Súčasťou podnázvu je označenie školského roku | ||
| 500 | |a Zost.: Jozef Fulier | ||
| 500 | |a Každé vydanie v edícii je samostatne číslované | ||
| 650 | 0 | 7 | |a prírodné vedy |2 SNKPH |9 694 |
| 650 | 0 | 7 | |a štúdium a výučba |2 SNKPH |9 3982 |
| 650 | 0 | 7 | |a Natural sciences |2 SNKPHeng |9 265288 |
| 650 | 0 | 7 | |a Study and teaching |2 SNKPHeng |9 265408 |
| 650 | 0 | 7 | |a vysoké školy pedagogické |2 SNKPH |9 68199 |
| 651 | 7 | |a Nitra (Slovensko) |2 SNKPHgeo |9 15714 | |
| 651 | 7 | |a Nitra (Slovensko) |2 SNKPHeng |9 15714 | |
| 655 | 7 | |a informačné publikácie |2 SNKPH |9 70181 | |
| 655 | 7 | |a študijné programy |2 SNKPH |9 265409 | |
| 655 | 7 | |a ročenky |2 SNKPH |9 57146 | |
| 655 | 7 | |a Information publications |2 SNKPHeng |9 265188 | |
| 655 | 7 | |a Educational programs |2 SNKPHeng |9 265410 | |
| 655 | 7 | |a Yearbooks |2 SNKPHeng |9 120938 | |
| 700 | 1 | |a Fulier, Jozef, |d 1951- |4 com |9 105394 | |
| 785 | 0 | 0 | |t Študijný program |w vtls001477082 |
| 830 | 0 | |a Prírodovedec |9 266401 | |
| 910 | |a snk | ||
| 919 | |a 80-85183-99-4 | ||
| 919 | |a 80-88738-36-9 | ||
| 919 | |a 80-88738-90-3 | ||
| 919 | |a 80-8050-070-3 | ||
| 958 | |a TL | ||
| 999 | |c 9630 |d 11560 | ||
| 952 | |0 0 |1 0 |4 0 |7 0 |a SNK |b SNK |d 1998-01-20 |i snkKSP 458/98 |l 0 |o snkČSD 677/C/1996/1997 |p 17A0116758 |r 2005-01-02 00:00:00 |w 2026-02-21 |y PREZ | ||
| 952 | |0 0 |1 0 |4 0 |7 0 |a SNK |b SNK |d 2020-10-14 |i snkKSP 7230/95 |l 0 |o snkČSD 677/C/1993/1994 |p 17A0828917 |r 2026-02-21 22:23:19 |w 2026-02-21 |y PREZ | ||
| 952 | |0 0 |1 0 |4 0 |7 0 |a SNK |b SNK |d 2020-10-14 |i snkKSP 3203/95 |l 0 |o snkČSD 677/C/1994/1995 |p 17A0828922 |r 2026-02-21 22:23:19 |w 2026-02-21 |y PREZ | ||
| 952 | |0 0 |1 0 |4 0 |7 0 |a SNK |b SNK |d 2020-10-14 |i snkKSP 1733/96 |l 0 |o snkČSD 677/C/1995/1996 |p 17A0828924 |r 2026-02-21 22:23:19 |w 2026-02-21 |y PREZ | ||


